Five Power Defence Arrangements the relevance of the United Kingdom's participation
Saved in:
| Main Author: | |
|---|---|
| Corporate Author: | |
| Format: | Thesis Book |
| Language: | English |
| Series: | Thesis
Tesis |
| Subjects: | |
| Tags: |
Add Tag
No Tags, Be the first to tag this record!
|
| Call Number : | UA 853.S68 A891 2017 |
MARC
| LEADER | 00000nam a2200000 c 4500 | ||
|---|---|---|---|
| 001 | 90768 | ||
| 003 | MY-KLNDU | ||
| 005 | 20241220003058.0 | ||
| 008 | 221104s2017 my a abm 000 0 eng d | ||
| 039 | 9 | |a 202211041307 |b VLOAD |c 202202181145 |d azraai |c 202202181144 |d azraai |c 202202181138 |d azraai |y 202201271706 |z izzuddin | |
| 040 | |a UPNM |b eng |c UPNM |e rda | ||
| 090 | |a UA 853.S68 |b A891 2017 | ||
| 100 | 0 | |a Adi Mustapha Arifin |e author | |
| 245 | 1 | 0 | |a Five Power Defence Arrangements |b the relevance of the United Kingdom's participation |c Adi Mustapha bin Arifin |
| 264 | 0 | |a Kuala Lumpur |b Universiti Pertahanan Nasional Malaysia |c 2017 | |
| 300 | |a xi, 57 leaves |b illustrations |c 30 cm | ||
| 336 | |a text |2 rdacontent | ||
| 336 | |a text |2 rdacontent |3 book | ||
| 337 | |a unmediated |2 rdamedia | ||
| 338 | |a volume |2 rdacarrier | ||
| 490 | 0 | |a Thesis | |
| 490 | 0 | |a Tesis | |
| 502 | |a Thesis (Executive Diploma in Strategic and Defence Studies) -- Universiti Pertahanan Nasional Malaysia, 2017 | ||
| 504 | |a Includes bibliographical references | ||
| 610 | 2 | |a Five Power Defence Arrangements | |
| 650 | 0 | |a Military assistance, British |z Malaysia | |
| 650 | 0 | |a Military assistance, British |z Singapore | |
| 650 | 0 | |a National security |z Southeast Asia |x International cooperation | |
| 651 | 0 | |a United Kingdom |z Defenses | |
| 651 | 0 | |a Southeast Asia |z Defenses | |
| 651 | 0 | |a Malaysia |z Defenses | |
| 651 | 0 | |a Singapore |z Defenses | |
| 710 | 2 | |a Universiti Pertahanan Nasional Malaysia. |b Executive Diploma in Strategic and Defence Studies | |
| 999 | |a vtls000102086 |c 90768 |d 90768 | ||